01943nam a2200253 a 4500001001500000003000400015005001700019008004100036020003500077020003000112040000900142082002200151245004800173260005000221300002000271490006400291520099900355700002501354830007001379856008201449942001201531999001901543952012701562ASIN3823855891OSt20180116192422.0140509s2002 xxu eng d a3823855891 (hardcover)c$12.95 a9783823855897 (hardcover) csada a720.922bLEG 200200aLegorreta+legorreta /cedited Aurora Cuito. a[S.l.] :bTe Neues Publishing Company,c2002. a80 p. ;c23 cm.1 aArchipockets) (english, french, german and italian edition. aIn spite of its monumentality, the architecture of Legorreta + Legorreta is conceived for us to live in: it suits our needs, our appetites, and our emotions. Some of the best examples are seen in the vestibules of the Center of Visual Arts and of the Sheraton Hotel in Bilbao. Geometric pure and timeless forms instill rotundity and clarity into the complicated projects. Even in large complexes, like the Chiron Laboratories, or the Egade Graduate School, privacy and simplicity is preserved. The treatment of light also aids them in creating different spaces without any need of walls or separators. The application of color is a most important priority, especially in projects set in their native Mexico. There are tones that the architects use to dramatize spaces which intensify the personal experience of the people in the buildings. All of these ingredients integrate architecture, landscaping, and interior decoration into a single discipline that respects the place and the traditions.1 aCuito, Aurora.97547 0aArchipockets) (english, french, german and italian edition.97548403Amazon.comuhttp://www.amazon.com/exec/obidos/ASIN/3823855891/chopaconline-20 2ddccBK c353949d353949 00102ddc4070aSADAbSADAd2014-05-09l3o720.922 LEG 2002pSADA0002305r2026-03-04s2026-03-02v1506.53w2014-05-09yBK